000
00316pam a2200133 a 4500
020
_c
041
_h
082
_a
658.3
100
_a
JAY (David )
_e
author
245
_a
The Essential Personnel Source Book
_h
Textual Document
260
_b
Pitman Publication London
_c
1996
300
_a
XXVII,289
930
_a
10499
999
_c
841257
_d
841257